000 00928nac a22002537a 4500
001 BR0002278
003 BR-BrBNA
005 20240105122404.0
008 230509b bl.|||m| |||| 00| 0 por d
040 _aBR-BrBNA
_bpor
_cBiblioteca Nacional de Agricultura
072 _aF30
090 _a0329 BR0002278
100 1 _aOliveira, M. do S.P. de
110 1 _aCentro de Pesquisa Agroflorestal da Amazonia Oriental, Belem, PA (Brasil)
245 1 _aCaracterizacao e avaliacao preliminar de germoplasma de tucuma (Astrocaryum vulgare Mart.)nas condicoes de Belem-PA
260 3 _aBelem, PA (Brasil):
_c1998.
300 _a4 p.
490 _aPesquisa em Andamento - Centro de Pesquisa Agroflorestal da Amazonia Oriental (Brazil)
_vno. 188
_xISSN 0101-5613
650 _aTucum
650 _aGermoplasma
650 _aCaracteristicas Agronomicas
909 _a202312
_bLúcia Elande
_c55
_dLúcia Elande
942 _2AGRIS
_n0
_cMS
999 _c290773
_d290773